000 01056nam a22003257a 4500
003 CHAP
005 20220817042051.0
008 971013s1981 br r 00010 spa d
010 _a33551
011 _a34523
035 _a38639
040 _cCHAP
082 0 4 _a574.82
_bE5
110 2 _aEmpresa Brasileira de Pesquisa Agropecuaria
245 1 _aBibliografía internacional de cultura de tejidos em plantas cultivadas
260 _aBrasilia :
_b(s.e),
_c1981
300 _a2 v.
500 _aLa biblioteca tiene : v.1
590 _aBATCH-UPD
_b10
_c20130110
_lUCH01
_h2007
590 _aBATCH-UPD
_b10
_c20130410
_lUCH01
_h1326
590 _aBATCH-UPD
_b10
_c20130914
_lUCH01
_h0907
590 _aCONVERSION
_b10
_c20130109
_lUCH01
_h1319
650 1 4 _aCultivo de tejidos
_xBibliografía.
_930214
700 0 _aBettiol, Eugenia Maranhao.
_912090
700 0 _aCarvalho, Eliezita Roncy de.
_919703
700 0 _aTeixeira, Joao Batista.
_9112009
901 _aBK
942 _cLIBRO
949 _a574.82 E5
_bBC
_cC
_d33724000398780
_eC
_fv.1
_h62213
_i38639
_si
999 _c33551
_d33551